000 00578nam a2200205Ia 4500
005 20250508160910.0
008 008 250505s9999 xx 000 0 eng d
037 _aTextual
040 _aFEDL
_beng
_cFEDL
041 _aeng
_2eng
084 _a152.452, OPP
_qFEDL
100 _aOppenheim A N
245 0 _aQuestionnaire design and attitutde measurement
260 _aLondon, UK
_bHeinemann Educational Book Ltd
_c1966
300 _aix,298p.
365 _aINR
_b43.78
650 _aPerception
942 _cTEXL
_h152.452, OPP
999 _c1367273
_d1367273